Multiple Choice City Quiz - Rochester - Statistics

General Stats
  • This quiz has been taken 27 times
  • The average score is 9 of 10
Answer Stats
Question Answer % Correct
What is Rochester sometimes nicknamed? The Flower City
95%
Rochester was once the headquarters of which iconic photography company? Eastman Kodak
90%
The University of Rochester is known for what famous music school? Eastman School of Music
90%
What major river runs through Rochester Genesee River
86%
What annual festival is Rochester well known for? Lilac Festival
86%
What famous American activist lived in Rochester for many years? Susan B. Anthony
86%
What is the Strong National Museum of in Rochester? Toys and Play
86%
What body of water is Rochester located near Lake Ontario
81%
What industry was historically significant to Rochester's economy? Optics and Imaging
81%
What professional hockey team plays in Rochester? Rochester Americans
81%
No matching quizzes found
Score Distribution
Percent of People with Each Score
Percentile by Number Answered
Your Score History
You have not taken this quiz